<?xml version="1.0" encoding="UTF-8"?><?xml-stylesheet type="text/xsl" href="static/style.xsl"?><OAI-PMH xmlns="http://www.openarchives.org/OAI/2.0/" xmlns:xsi="http://www.w3.org/2001/XMLSchema-instance" xsi:schemaLocation="http://www.openarchives.org/OAI/2.0/ http://www.openarchives.org/OAI/2.0/OAI-PMH.xsd"><responseDate>2026-04-18T14:57:48Z</responseDate><request verb="GetRecord" identifier="oai:riubu.ubu.es:10259/6639" metadataPrefix="marc">https://riubu.ubu.es/oai/request</request><GetRecord><record><header><identifier>oai:riubu.ubu.es:10259/6639</identifier><datestamp>2024-07-16T10:24:33Z</datestamp><setSpec>com_10259_9391</setSpec><setSpec>com_10259_5087</setSpec><setSpec>com_10259_2728</setSpec><setSpec>col_10259_9392</setSpec></header><metadata><record xmlns="http://www.loc.gov/MARC21/slim" xmlns:doc="http://www.lyncode.com/xoai" xmlns:xsi="http://www.w3.org/2001/XMLSchema-instance" xmlns:dcterms="http://purl.org/dc/terms/" xsi:schemaLocation="http://www.loc.gov/MARC21/slim http://www.loc.gov/standards/marcxml/schema/MARC21slim.xsd">
<leader>00925njm 22002777a 4500</leader>
<datafield tag="042" ind1=" " ind2=" ">
<subfield code="a">dc</subfield>
</datafield>
<datafield tag="720" ind1=" " ind2=" ">
<subfield code="a">Varona Valmaseda, Rebeca</subfield>
<subfield code="e">author</subfield>
</datafield>
<datafield tag="720" ind1=" " ind2=" ">
<subfield code="a">Peláez Álvarez, José Manuel</subfield>
<subfield code="e">author</subfield>
</datafield>
<datafield tag="720" ind1=" " ind2=" ">
<subfield code="a">García Sendino, Román</subfield>
<subfield code="e">author</subfield>
</datafield>
<datafield tag="520" ind1=" " ind2=" ">
<subfield code="a">El trabajo desarrollado consiste en la creación de la empresa, BURPONIA, SL.&#xd;
La actividad por desarrollar se engloba dentro de la economía circular; y consiste en la obtención de tomates mediante el cultivo hidropónico y de la tilapia mediante acuicultura, en un circuito de recirculación consistente en filtrar los excrementos y restos de alimentos de los peces mediante decantación y por un proceso de nitrificación transformar el amonio generado en nitratos que servirán de abono para las plantas.&#xd;
Desarrollamos nuestro proyecto empresarial estudiando tanto las necesidades a nivel técnico como económico. Realizaremos una estimación de la demanda y la situaremos en un área geográfico próximo a nuestra ubicación. Nuestros clientes serán principalmente los del sector de la Hostelería, restauración y mercados de abasto; ofreciéndoles productos catalogados como ecológicos y de bajo impacto medioambiental.</subfield>
</datafield>
<datafield tag="520" ind1=" " ind2=" ">
<subfield code="a">The work developed consists of the creation of the company, BURPONIA, SL.&#xd;
The activity to be carried out is included in the circular economy, it consists in obtaining tomatoes through hydroponic cultivation and tilapia through aquaculture, in a recirculation circuit consisting of filtering the excrements and food debris of the fish by decantation and by a nitrification process transforms the generated ammonium into nitrates that will serve as fertilizer for plants.&#xd;
We will develop our business project studying both technical and economic needs. We will make an estimate of the demand and place it in a geographic area close to our location. Our clients will be mainly those of the Hostelry and Restoration sector, offering them products classified as low environmental and organic impact.</subfield>
</datafield>
<datafield tag="024" ind2=" " ind1="8">
<subfield code="a">http://hdl.handle.net/10259/6639</subfield>
</datafield>
<datafield ind1=" " ind2=" " tag="653">
<subfield code="a">Acuaponia</subfield>
</datafield>
<datafield ind1=" " ind2=" " tag="653">
<subfield code="a">Hidroponia</subfield>
</datafield>
<datafield ind1=" " ind2=" " tag="653">
<subfield code="a">Acuicultura</subfield>
</datafield>
<datafield ind1=" " ind2=" " tag="653">
<subfield code="a">Economía circular</subfield>
</datafield>
<datafield ind1=" " ind2=" " tag="653">
<subfield code="a">Sostenible</subfield>
</datafield>
<datafield ind1=" " ind2=" " tag="653">
<subfield code="a">Aquaponics</subfield>
</datafield>
<datafield ind1=" " ind2=" " tag="653">
<subfield code="a">Hydroponics</subfield>
</datafield>
<datafield ind1=" " ind2=" " tag="653">
<subfield code="a">Aquaculture</subfield>
</datafield>
<datafield ind1=" " ind2=" " tag="653">
<subfield code="a">Circular economy</subfield>
</datafield>
<datafield ind1=" " ind2=" " tag="653">
<subfield code="a">Sustainable</subfield>
</datafield>
<datafield tag="245" ind1="0" ind2="0">
<subfield code="a">Plan de Empresa de Economía Circular: BURPONIA S.L.</subfield>
</datafield>
</record></metadata></record></GetRecord></OAI-PMH>